000 06074namaa22004211i 4500
003 OSt
005 20260401135537.0
008 250827s2024 ua a|||frm||| 000 0 eng d
040 _aEG-GICUC
_bara
_cEG-GICUC
_dEG-GICUC
_erda
041 0 _aara
_bara
_beng
049 _aإيداع
082 0 4 _a726.8
092 _a726.8
_221
097 _aدكتوراه‎
099 _aCai01.14.01.Ph.D.2024.أم.ع
100 0 _a،آمال السيد العربي الدسوقي صالح
_eإعداد.
245 1 0 _aعمائر القاهرة الجنائزية الباقية بقرافات السيدة نفيسة ‏والإمام الليث والتونسي من أوائل القرن الرابع ‏عشر الهجري/ العشرين الميلادي حتى نهاية الأسرة العلوية :
_bدراسة آثارية معمارية ‏وفنية مقارنة /
_cإعداد آمال السيد العربي الدسوقي صالح؛ إشراف أ.د/ محمد حمزة إسماعيل الحداد، د/ محمود حامد أحمد الحسيني.
246 1 5 _aThe funeral cairo architects that remaining in qarafahs of al- sayda nafisa,al- imam al- laith and al- tunisi from the early fourteenth century a.h/ twentieth a.d until the end of al- alawiya dynasty :
_bComparative architectural and artistic archaeological study /
264 0 _c2024.
300 _a1198 صفحة :
_bمجلد2 ؛
_c30 سم. +
_eCD.
336 _atext
_2rda content
337 _aUnmediated
_2rdamedia
338 _avolume
_2rdacarrier
502 _aأطروحة (دكتوراه)-جامعة القاهرة، 2024. .
504 _aبليوجرافيا: صفحات 708-737.
520 _aتتناول هذه الرسالة موضوعًا من أهم موضوعات العمارة الإسلامية عامة والعمارة الجنائزية خاصة ًوهو عمائر القاهرة الجنائزية الباقية بقرافات السيدة نفيسة ‏والإمامين الليث والتونسي من أوائل القرن الرابع ‏عشر الهجري/ العشرين الميلادي حتى نهاية الأسرة العلوية، وقد تضمنت أسباب تسمية هذه القرافات الثلاثة، والإطار الجغرافي المتمثل في التطور العمراني لها، وأهميتها وعلاقتها بقرافات مدينة القاهرة، والحياة الاجتماعية بها كذلك، والإطار التاريخي لموضوع الدراسة الذي شهد عدة تطورات سياسية التي أدت للصحوة القومية للشعب المصري مما كان له أثر كبير على العمارة والفنون في مصر بصفة عامة، وذلك بإحياء تراثها سواء كانت قديمة متمثلة في الطراز المصري القديم أو إسلامية ذات نمط المملوكي، فانعكس ذلك على العمارة الجنائزية سواء كانت في تخطيطها كمنشأةً جنائزية متكاملة، وما بها من ملحقات كمقاصير الدفن والسكن الجنائزي وغيرها من الملحقات التي تخدم المنشأة حسب رغبة منشئيها، وذلك بتناول واحد وثلاثين مدفنًا ينشر منها لأول مرة دراسة سبعة وعشرون مدفنًا، فكان أكبر القرافات عددًا هو قرافة السيدة نفيسة والتي يبلغ عدد المدافن فيها خمسة وعشرون مدفنًا، ثم قرافة الإمام الليث والتي يبلغ عدد المدافن فيها ثلاثة مدافن، وقرافة الإمام التونسي التي يبلغ عدد المدافن فيها ثلاثة مدافن.
520 _aThis study deals with one of the most important topics of Islamic architecture in general and funerary architecture in particular, namely "The funeral Cairo Architects that remaining in Qarafahs of AL- sayda Nafisa, Al- Imam Al- Laith and Al- Tunisi from the early Fourteenth century A.H/ Twentieth A.D until the end of Al- Alawiya dynasty"It included the reasons for the naming of these three Qarafahs, the geographical framework of their urban development, their importance and relationship to Cairo’s Qarafahs, and their social life, as well as the historical framework of the subject of the study, which witnessed several political developments that led to the national awakening of the Egyptian people, which had a great impact on architecture and art in Egypt in general This was reflected in the funerary architecture, whether in its planning as an integrated funerary facility, and its annexes such as burial compartments, funeral housing and other accessories that serve the facility according to the desire of its creators, by dealing with thirty-one burials, of which twenty-seven are published for the first time. Thirty-one tombs, twenty-seven of which are published for the first time, the largest number of tombs was Qarafah of Sayyida Nafisa, which has twenty- five burials, then the Imam al-Laith Qarafah, which has three burials, and Qarafah of Imam al-Tunisi, which has three burials.
530 _aصدر أيضًا كقرص مدمج.
546 _aالنص بالعربية والملخص باللغة الإنجليزية والعربية.
650 7 _aالمقابر
_2qrmak
653 0 _aقرافات
_aمدافن
_aالسيدة نفيسة
700 0 _aمحمد حمزة إسماعيل الحداد
_eمشرف أطروحة.
700 0 _aمحمود حامد أحمد الحسيني
_eمشرف أطروحة.
900 _b01-01-2024
_cمحمد حمزة إسماعيل الحداد
_cمحمود حامد أحمد الحسيني
_dتفيدة محمد عبد الجواد
_dمنصور محمد عبد الرازق معوض
_Uجامعة القاهرة
_Fكلية الآثار
_Dقسم الآثار الإسلامية
905 _aSara
_eAfaf
942 _2ddc
_cTH
_e21
_n0
999 _c178734